000 00773nam a2200229 i 4500
001 143763
003 ES-MaACL
005 20231228180014.0
007 t|
008 070214s1956 sp r ||||1| spa d
100 1 _aSevilla Andrés, Diego.
_9105934
245 1 0 _aCanalejas /
_cDiego Sevilla Andrés ; prólogo de Jesús Pabón.
250 _a1ª ed.
260 _aBarcelona :
_bAedos,
_c1956 (
_fSimpar)
300 _a482 p., XX lám. :
_bil. retr. biogr. ;
_c22 cm.
490 1 _aBiblioteca biográfica ;
_v8
600 1 4 _aCanalejas, José,
_d1854-1912
_934382
700 1 _aPabón y Suárez de Urbina, Jesús,
_d1902-1976
_988103
830 0 _aBiblioteca biográfica ;
_v8
_9181197
852 _aES-MaACL
_jC-12251
_bR.40326
999 _c143763
_d143763